Autour des Bonaparte, fragments de mémoires, publiés par L.-Xavier de Ricard. [Rapport de M. Jean-Louis de Ricard, commissaire de la marine de France au port de Toulon.] / (Record no. 163481)

MARC details
000 -LEADER
campo de control de longitud fija 00835nam a22001935i 4500
001 - NÚMERO DE CONTROL
campo de control 163481
003 - IDENTIFICADOR DE NÚMERO DE CONTROL
campo de control ES-MaACL
005 - FECHA Y HORA DE LA ÚLTIMA TRANSACCIÓN
campo de control 20250720204240.0
008 - DATOS DE LONGITUD FIJA--INFORMACIÓN GENERAL
campo de control de longitud fija 990917s1891 fr |||| | fre d
040 ## - FUENTE DE CATALOGACIÓN
Centro catalogador/agencia de origen CAM
Lengua de catalogación spa
Centro/agencia transcriptor CAM
100 1# - ENTRADA PRINCIPAL--NOMBRE DE PERSONA
Nombre de persona Ricard, Joseph-Barthélemy-Honoré-Louis-Amable de (Général)
9 (RLIN) 131785
245 10 - MENCIÓN DEL TÍTULO
Título Autour des Bonaparte, fragments de mémoires, publiés par L.-Xavier de Ricard. [Rapport de M. Jean-Louis de Ricard, commissaire de la marine de France au port de Toulon.] /
Mención de responsabilidad, etc. Général de Ricard.
260 ## - PUBLICACIÓN, DISTRIBUCIÓN, ETC.
Lugar de publicación, distribución, etc. Paris :
Nombre del editor, distribuidor, etc. Albert Savine, éditeur,
Fecha de publicación, distribución, etc. 1891 (
Lugar de fabricación/manufactura Evreux :
Fabricante Imprimerie de Charles Hérissay)
300 ## - DESCRIPCIÓN FÍSICA
Extensión 353 p. ;
Dimensiones 18 cm.
600 14 - PUNTO DE ACCESO ADICIONAL DE MATERIA--NOMBRE DE PERSONA
Nombre de persona Bonaparte (Familia)
9 (RLIN) 153955
700 1# - ENTRADA AGREGADA--NOMBRE PERSONAL
Nombre de persona Ricard, Louis-Xavier de,
Fechas asociadas al nombre 1843-1911
9 (RLIN) 131784
852 ## - LOCALIZACIÓN
Ubicación ES-MaACL
Número de control de estantería G-1346
Nota libre -- Enc. pasta
Holdings
Estatus retirado Estado de pérdida Estado de daño No para préstamo Colección Biblioteca de origen Biblioteca actual Ubicación en estantería Fecha de adquisición Fuente de adquisición Total de préstamos Signatura topográfica completa Código de barras Visto por última vez Precio de reemplazo Tipo de ítem Koha
        Libros del s. XIX Biblioteca del Ateneo de Madrid Biblioteca del Ateneo de Madrid Depósito 2 17/01/2008     G-1346 1171312 23/02/2023 23/02/2023 Libro impreso antiguo